博多バスターミナルから行くことのできる自治体 - Statistics

General Stats
  • This quiz has been taken 169 times
  • The average score is 75 of 117
Answer Stats
路線名 運行会社 行き先 % Correct
大阪市北区
92%
岡山市北区
92%
福岡市東区
91%
福岡市東区
91%
長崎市
91%
熊本市北区
91%
佐世保市
90%
福岡・福岡空港 〜 ハウステンボス 西日本鉄道 西肥自動車 佐世保市
90%
大分市
90%
どんたく号 西日本鉄道名鉄バス 名古屋市中区
90%
鹿児島市
90%
福岡市南区
89%
広島市中区
89%
熊本市東区
89%
福岡市西区
88%
ふくふく号 西日本鉄道 下関市
88%
ウエストコーストライナー 福岡市西区
88%
山口市
88%
山口市
88%
宮崎市
88%
日田市
87%
からつ号 昭和バス 唐津市
86%
いまり号 唐津市
86%
とよのくに号 西日本鉄道大分交通 大分バス 亀の井バス 別府市
86%
WILLER EXPRESS 祐徳バス 広島市東区
86%
広島市南区
85%
熊本市西区
85%
福岡市中央区
82%
京都市南区
82%
高松市
82%
太宰府ライナーバス「旅人」 太宰府市
81%
太宰府市
81%
島原市
81%
松山市
81%
29番など 西日本鉄道 福岡市博多区
80%
203番など 福岡市博多区
80%
41番など 福岡市博多区
80%
30番など 福岡市博多区
80%
32番など 福岡市博多区
80%
甘木400番 福岡市博多区
80%
島原号 西日本鉄道島原鉄道 諫早市
80%
いと・しま号 糸島市
80%
糸島市
80%
直方線 JR九州バス 福岡市博多区
80%
諫早市
80%
出雲市
79%
熊本市中央区
79%
伊万里市
78%
由布市
77%
WILLER EXPRESS 日本高速バス祐徳バス 神戸市中央区
75%
延岡市
75%
直方市
74%
道後エクスプレスふくおか号 伊予鉄道伊予鉄南予バス
瀬戸内運輸
今治市
73%
防府市
73%
フェニックス号 西日本鉄道宮崎交通
九州産交バス
JR九州バス
八代市
71%
都城市
71%
大村市
71%
松江市
70%
大野城市
69%
宇部市
67%
ペガサス号 西日本鉄道両備バス
下津井電鉄
倉敷市
66%
春日市
65%
筑紫野市
65%
日田~福岡線 日田バス 筑紫野市
65%
周南市
65%
桜島号 西日本鉄道南国交通
鹿児島交通
JR九州バス
鹿児島交通観光バス
霧島市
65%
ひのくに号 西日本鉄道九州産交バス 筑紫野市
65%
福岡市早良区
61%
福岡・山口ライナー 中国JRバス 山陽小野田市
61%
朝倉市
60%
朝倉市
60%
下松市
60%
九州号 九州急行バス 嬉野市
60%
人吉市
59%
えびの市
59%
さぬきエクスプレス福岡号 四国高速バス 坂出市
58%
丸亀市
58%
雲仙市
54%
西臼杵郡高千穂町
54%
福岡市城南区
52%
糟屋郡粕屋町
50%
糟屋郡粕屋町
50%
小林市
50%
八女市
49%
小郡市
48%
広福ライナー広島ドリーム博多号 JR九州バス中国JRバス 広交観光バス 広島市安佐南区
48%
糟屋郡宇美町
47%
姶良市
46%
糟屋郡志免町
45%
糟屋郡志免町
45%
宮若市
45%
名古屋市中村区
45%
三養基郡基山町
44%
三養基郡基山町
44%
東温市
42%
下松/徳山/防府⇔福岡 防長交通 美祢市
42%
西臼杵郡五ヶ瀬町
41%
はかた号 西日本鉄道 渋谷区
39%
朝倉郡筑前町
38%
糟屋郡久山町
37%
玖珠郡九重町
37%
北松浦郡佐々町
36%
善通寺市
36%
三井郡大刀洗町
35%
おとずれ号 西日本鉄道 長門市
35%
福岡〜黒川線 日田バス九州産交バス 阿蘇郡小国町
34%
ゆふいん号 西日本鉄道日田バス 亀の井バス 玖珠郡玖珠町
33%
合志市
32%
阿蘇郡南小国町
31%
出雲ドリーム博多号 中国JRバスJR九州バス 雲南市
31%
させぼ号 西日本鉄道西肥自動車 東彼杵郡波佐見町
29%
西臼杵郡日之影町
27%
八女郡広川町
27%
大阪市此花区
19%
菊池郡菊陽町
19%
ごかせ号 西日本鉄道 宮崎交通 上益城郡山都町
17%
玉名郡和水町
15%
No matching quizzes found
Score Distribution
Percent of People with Each Score
Percentile by Number Answered
Your Score History
You have not taken this quiz